Statistiques concernant flash - Lomepal

Cliquez ici pour prendre le quiz!

Statistiques générales

  • Ce quiz a été pris 550 fois
    (546 depuis la dernière actualisation)
  • Le résultat moyen est 184 sur 228

Statistiques - réponses

HintRéponse% Correct
à
96%
ce
96%
de
96%
couplet 2je
96%
ma
96%
dans
95%
un
95%
comme
94%
en
94%
la
94%
que
94%
se
94%
Le
93%
le
93%
tête ?
92%
bien
91%
du
91%
flash
91%
on
91%
vie
91%
encore
90%
couplet 1j'me
90%
qui
90%
boucle
89%
refrainmauvais
89%
pour
89%
si
89%
son
89%
tourne
89%
trop
89%
ça
88%
cette
88%
dit
88%
heure
88%
jour
88%
reviennent
88%
souvenirs
88%
souviens
88%
vous
88%
chaque
87%
qu'est
87%
s'est
87%
chanson
86%
oublier
86%
une
86%
venez
86%
fait
85%
foutre
85%
rayon
85%
vite
85%
j'm'en
84%
j'veux
84%
thème,
84%
c'que
83%
film
83%
fin
83%
belle
82%
bouteilles
82%
d'un
82%
est
82%
mal
82%
aurait
81%
mal (oh)
81%
mon
81%
père
81%
pote
81%
pourquoi
81%
trois
81%
vides
81%
appel
80%
les
80%
maintenant ?
80%
mort
80%
rien
80%
souvent
80%
tirer
80%
tout
80%
va
80%
clair
79%
lui
79%
pas
79%
roulait
79%
crashe
78%
j'entends
78%
peu
78%
putain
78%
tes
78%
avec
77%
cartel
77%
et
77%
prendre
77%
rappelle
77%
abattu
76%
qu'son
76%
demander
75%
qu'un
75%
bus
74%
d'aide
74%
d'vie
74%
c'est
73%
images
73%
j'suis
73%
l'avant
73%
coeur
72%
fier
72%
j'avais
71%
maintenance
71%
d'ssus
70%
fasse
70%
jusqu'à
70%
regarde
70%
faire
69%
test
69%
j'écoute
68%
vivre
65%
m'fait
64%
Smith
64%
sourire
64%
chérie
63%
Cooper
63%
larmes
62%
plus
62%
vase
62%
deborder
61%
Elliott
61%
ohohoh
61%
enfin
59%
normal
59%
trouvé
58%
bruyant
57%
crashée
57%
j'sais
57%
couplet 3manquait
57%
ohohoh
57%
ohohoh,
57%
j'aurais
56%
tu
56%
avant
54%
comment
54%
l'inverse
54%
sais
54%
qu'on
51%
aime-moi
50%
C'était
50%
déjà
50%
d'neuf,
50%
fais-moi
50%
même
50%
rentre
49%
foutu
48%
phase
48%

Distribution des résultats

Percentile par nombre de réponses

% des personnes avec chaque résultat

Votre développement - résultats

Vous n’avez pas pris ce quiz depuis la dernière actualisation